|
|
|
|
| LEADER |
00000nam0a2200000 4500 |
| 001 |
152089 |
| 005 |
20231101221613.0 |
| 020 |
|
|
|a RU
|b 86-10500
|
| 035 |
|
|
|a (RuTPU)RU\TPU\book\164913
|
| 090 |
|
|
|a 152089
|
| 100 |
|
|
|a 20090129d1985 m y0rusy5003 ca
|
| 101 |
1 |
|
|a rus
|c bel
|
| 102 |
|
|
|a BY
|
| 105 |
|
|
|a y z 000ay
|
| 200 |
1 |
|
|a Млечный Путь
|e избранная проза
|e пер. с белорус.
|f К. Чорный
|g сост. и авт. предисл. А. М. Адамович
|
| 210 |
|
|
|a Минск
|c Мастацкая лiтаратура
|d 1985
|
| 215 |
|
|
|a 510 с.
|
| 300 |
|
|
|a Перед вып дан. авт.: Кузьма Чорный (Николай Карлович Романовский)
|
| 606 |
1 |
|
|a Белорусская литература
|2 stltpush
|3 (RuTPU)RU\TPU\subj\28192
|9 51766
|
| 610 |
1 |
|
|a художественная литература
|
| 610 |
1 |
|
|a романы
|
| 610 |
1 |
|
|a повести
|
| 610 |
1 |
|
|a рассказы
|
| 675 |
|
|
|a 882.6
|v 3
|
| 700 |
|
1 |
|a Чорный
|b К.
|g Кузьма
|
| 702 |
|
1 |
|a Адамович
|b А. М.
|4 220
|
| 801 |
|
0 |
|a RU
|b RuMRKP
|c 19950704
|g psbo
|
| 801 |
|
1 |
|a RU
|b 63413507
|c 20090129
|g PSBO
|
| 801 |
|
2 |
|a RU
|b 63413507
|c 20200525
|g PSBO
|
| 942 |
|
|
|c BK
|